[Event "GBR-ch71"]
[Site "Brighton"]
[Date "1984.08.10"]
[Round "11"]
[White "Arkell, Keith C"]
[Black "Martin, Andrew D"]
[Result "1-0"]
[WhiteElo "2345"]
[BlackElo "2445"]
[PlyCount "87"]
[EventDate "1984.07.30"]
[EventType "swiss"]
[EventRounds "11"]
[EventCountry "GBR"]
[SourceTitle "BritBase"]
[Source "John Saunders"]
[SourceDate "2020.09.07"]
[SourceVersion "1"]
[SourceVersionDate "2020.09.07"]
[SourceQuality "2"]

1. e4 g6 2. d4 Bg7 3. Nf3 d6 4. Nc3 Nf6 5. Be2 O-O 6. O-O b6 7. Bg5 Bb7 8. e5
Nfd7 9. exd6 cxd6 10. Re1 Nf6 11. d5 Nbd7 12. Bc4 Rc8 13. Qe2 Re8 14. Nd4 Rc5
15. b4 Rc8 16. b5 Nxd5 17. Bxd5 Bxd4 18. Bxb7 Bxc3 19. Bxc8 Qxc8 20. Bxe7 Bf6
21. Rad1 Rxe7 22. Qd3 Rxe1+ 23. Rxe1 Qc5 24. Rd1 Ne5 25. Qxd6 Qxc2 26. Re1 Kg7
27. h3 Nd3 28. Rf1 Qe2 29. Qd7 Be5 30. g3 h5 31. a4 Ne1 32. Qb7 Bxg3 33. fxg3
Qe3+ 34. Kh2 Qe2+ 35. Kg1 Qe3+ 36. Kh1 Qe6 37. g4 hxg4 38. Qc6 Qe5 39. hxg4 f6
40. Qd7+ Kg8 41. Qc6 Qe3 42. Rxf6 Kg7 43. Rxg6+ Kf7 44. Qf6+ 1-0

[Event "GBR-ch71"]
[Site "Brighton"]
[Date "1984.08.10"]
[Round "11"]
[White "Basman, Michael John"]
[Black "Strauss, David J"]
[Result "1-0"]
[WhiteElo "2390"]
[BlackElo "2425"]
[PlyCount "117"]
[EventDate "1984.07.30"]
[EventType "swiss"]
[EventRounds "11"]
[EventCountry "GBR"]
[SourceTitle "BritBase"]
[Source "John Saunders"]
[SourceDate "2020.09.07"]
[SourceVersion "1"]
[SourceVersionDate "2020.09.07"]
[SourceQuality "2"]

1. g4 d5 2. h3 e5 3. Bg2 c6 4. d4 Nd7 5. c4 dxc4 6. Nc3 Bd6 7. Nf3 Ne7 8. Ne4
Bc7 9. Bg5 f6 10. Bd2 exd4 11. Nxd4 Ne5 12. Bc3 Nd5 13. Qd2 Nf4 14. Rg1 Nxg2+
15. Rxg2 Qd5 16. Qe3 O-O 17. Rd1 Rd8 18. Rd2 Bb6 19. f3 Nd3+ 20. exd3 Bxd4 21.
Bxd4 Qxd4 22. Qxd4 Rxd4 23. dxc4 Rxd2 24. Rxd2 Be6 25. b3 Kf8 26. Kf2 Re8 27.
f4 Bc8 28. Nd6 Rd8 29. c5 b6 30. b4 bxc5 31. bxc5 Be6 32. f5 Bd5 33. Rb2 a5 34.
a3 h6 35. Ke3 Ra8 36. h4 Kg8 37. Kf4 Kf8 38. g5 hxg5+ 39. hxg5 fxg5+ 40. Kxg5
Kg8 41. Rb7 Rf8 42. Ra7 Rf6 43. Rxg7+ Kxg7 44. Ne8+ Kf7 45. Nxf6 Bb3 46. Ng4
Bd5 47. Ne5+ Ke7 48. f6+ Ke6 49. f7 Ke7 50. Kg6 Bxf7+ 51. Nxf7 Ke6 52. Nd6 Kd5
53. Nb7 Kc4 54. Kf5 a4 55. Ke4 Kb3 56. Kd3 Kxa3 57. Kc3 Ka2 58. Na5 a3 59. Nxc6
1-0

[Event "GBR-ch71"]
[Site "Brighton"]
[Date "1984.08.10"]
[Round "11"]
[White "Bellin, Robert"]
[Black "Johansen, Darryl Keith"]
[Result "1-0"]
[WhiteElo "2370"]
[BlackElo "2440"]
[PlyCount "118"]
[EventDate "1984.07.30"]
[EventType "swiss"]
[EventRounds "11"]
[EventCountry "GBR"]
[SourceTitle "BritBase"]
[Source "John Saunders"]
[SourceDate "2020.09.07"]
[SourceVersion "1"]
[SourceVersionDate "2020.09.07"]
[SourceQuality "2"]

1. e4 c5 2. Nf3 e6 3. b3 d6 4. Bb2 Nf6 5. Bb5+ Nbd7 6. e5 dxe5 7. Nxe5 Be7 8.
O-O a6 9. Bd3 Nxe5 10. Bxe5 Bd7 11. Nc3 Bc6 12. Re1 Bd6 13. Bxf6 Qxf6 14. Ne4
Qe7 15. Qh5 g6 16. Nxd6+ Qxd6 17. Qe5 Qxe5 18. Rxe5 b6 19. a4 Ke7 20. Rae1 Kd6
21. Be4 Rhd8 22. d3 Ra7 23. Bxc6 Kxc6 24. g3 Rd4 25. Ra1 Re7 26. f4 h6 27. Kg2
f6 28. Re2 g5 29. fxg5 hxg5 30. Rf1 b5 31. axb5+ axb5 32. Rxf6 Kd6 33. Rg6 g4
34. Kf2 Re8 35. Ke3 b4 36. Rh6 Rd5 37. Kf4 Rd4+ 38. Kg5 Kd5 39. Kf6 Kd6 40. Rh5
Rf8+ 41. Kg7 Re8 42. Kf7 Re7+ 43. Kf6 Re8 44. Rhe5 Rf8+ 45. Kg7 Rf1 46. Rxe6+
Kc7 47. Rf6 Rd7+ 48. Kg6 Rc1 49. Rf7 Rxf7 50. Kxf7 Kd6 51. Kf6 Kd5 52. Kf5 Kd4
53. Kxg4 Kc3 54. h4 Rxc2 55. Rxc2+ Kxc2 56. h5 Kxb3 57. h6 Kc2 58. h7 b3 59.
h8=Q b2 1-0

[Event "GBR-ch71"]
[Site "Brighton"]
[Date "1984.08.10"]
[Round "11"]
[White "Carr, Neil L"]
[Black "Dawson, Craig R"]
[Result "1/2-1/2"]
[WhiteElo "2310"]
[BlackElo "2300"]
[PlyCount "60"]
[EventDate "1984.07.30"]
[EventType "swiss"]
[EventRounds "11"]
[EventCountry "GBR"]
[SourceTitle "BritBase"]
[Source "John Saunders"]
[SourceDate "2020.09.07"]
[SourceVersion "1"]
[SourceVersionDate "2020.09.07"]
[SourceQuality "2"]

1. e4 e5 2. Nf3 Nc6 3. Nc3 Nf6 4. d4 exd4 5. Nxd4 d6 6. Be2 Be7 7. Be3 O-O 8.
f4 Nxd4 9. Bxd4 Bd7 10. O-O Bc6 11. Bf3 Nd7 12. Nd5 Bxd5 13. exd5 Bf6 14. Re1
Re8 15. Qd2 Bxd4+ 16. Qxd4 Nf6 17. Qb4 b6 18. g4 Nd7 19. Rxe8+ Qxe8 20. Re1 Qf8
21. Re3 Re8 22. Qe1 Rxe3 23. Qxe3 Qd8 24. g5 Kf8 25. Qd3 Kg8 26. b4 Qe7 27. Kg2
h6 28. h4 Nf8 29. Be4 hxg5 30. hxg5 Qd7 1/2-1/2

[Event "GBR-ch71"]
[Site "Brighton"]
[Date "1984.08.10"]
[Round "11"]
[White "Clarke, Thomas M"]
[Black "Botterill, George Steven"]
[Result "1/2-1/2"]
[WhiteElo "2080"]
[BlackElo "2430"]
[PlyCount "93"]
[EventDate "1984.07.30"]
[EventType "swiss"]
[EventRounds "11"]
[EventCountry "GBR"]
[SourceTitle "BritBase"]
[Source "John Saunders"]
[SourceDate "2020.09.07"]
[SourceVersion "1"]
[SourceVersionDate "2020.09.07"]
[SourceQuality "2"]

1. e4 d6 2. d4 g6 3. f4 Bg7 4. Nf3 Nf6 5. e5 Nd5 6. c4 Nb6 7. Be2 O-O 8. O-O
N6d7 9. Ng5 h6 10. Ne4 c5 11. exd6 Bxd4+ 12. Kh1 f5 13. dxe7 Qxe7 14. Nec3 Nf6
15. Nb5 Rd8 16. Nxd4 cxd4 17. b3 Nc6 18. Ba3 Qd7 19. Bd3 b6 20. Nd2 Bb7 21. Nf3
a5 22. Qe1 Re8 23. Qh4 Qg7 24. c5 bxc5 25. Bc4+ Kh8 26. Bxc5 Ne4 27. Bb6 Kh7
28. Rad1 Qd7 29. a4 Ba6 30. Bxa6 Rxa6 31. Bxd4 Nxd4 32. Rxd4 Rd6 33. Rfd1 Rxd4
34. Rxd4 Qa7 35. h3 Re7 36. Qe1 Qc7 37. Ne5 Qb6 38. Rd5 Qxb3 39. Rxa5 Rc7 40.
Kh2 g5 41. Nf3 Qe6 42. Re5 Qf6 43. Qa5 Rf7 44. fxg5 Nxg5 45. Nxg5+ Qxg5 46. Qd5
Qf4+ 47. g3 1/2-1/2

[Event "GBR-ch71"]
[Site "Brighton"]
[Date "1984.08.10"]
[Round "11"]
[White "Flear, Glenn C"]
[Black "Watts, David"]
[Result "1/2-1/2"]
[WhiteElo "2455"]
[BlackElo "2240"]
[PlyCount "21"]
[EventDate "1984.07.30"]
[EventType "swiss"]
[EventRounds "11"]
[EventCountry "GBR"]
[SourceTitle "BritBase"]
[Source "John Saunders"]
[SourceDate "2020.09.07"]
[SourceVersion "1"]
[SourceVersionDate "2020.09.07"]
[SourceQuality "2"]

1. d4 Nf6 2. c4 g6 3. Nc3 Bg7 4. Nf3 O-O 5. Bg5 d6 6. e3 c5 7. Be2 Bg4 8. O-O
cxd4 9. exd4 Nc6 10. Qd2 e5 11. d5 1/2-1/2

[Event "GBR-ch71"]
[Site "Brighton"]
[Date "1984.08.10"]
[Round "11"]
[White "Gallagher, Joseph G"]
[Black "Lawton, Geoffrey W"]
[Result "1/2-1/2"]
[WhiteElo "2295"]
[BlackElo "2385"]
[PlyCount "23"]
[EventDate "1984.07.30"]
[EventType "swiss"]
[EventRounds "11"]
[EventCountry "GBR"]
[SourceTitle "BritBase"]
[Source "John Saunders"]
[SourceDate "2020.09.07"]
[SourceVersion "1"]
[SourceVersionDate "2020.09.07"]
[SourceQuality "2"]

1. d4 Nf6 2. c4 e6 3. Nf3 d5 4. Nc3 Be7 5. Bg5 h6 6. Bh4 O-O 7. e3 b6 8. Qb3
Bb7 9. Bxf6 Bxf6 10. cxd5 exd5 11. Be2 Re8 12. O-O 1/2-1/2

[Event "GBR-ch71"]
[Site "Brighton"]
[Date "1984.08.10"]
[Round "11"]
[White "Hjorth, Greg"]
[Black "Jackson, Sheila"]
[Result "1-0"]
[WhiteElo "2440"]
[BlackElo "2190"]
[PlyCount "123"]
[EventDate "1984.07.30"]
[EventType "swiss"]
[EventRounds "11"]
[EventCountry "GBR"]
[SourceTitle "BritBase"]
[Source "John Saunders"]
[SourceDate "2020.09.07"]
[SourceVersion "1"]
[SourceVersionDate "2020.09.07"]
[SourceQuality "2"]

1. e4 e5 2. Nf3 Nc6 3. c3 Nf6 4. d3 Be7 5. b4 a6 6. Nbd2 O-O 7. Bb2 d6 8. a3
Ne8 9. c4 f5 10. g3 fxe4 11. dxe4 Bg4 12. Bg2 Bg5 13. Qb3 Qf6 14. Rf1 Bh6 15.
Qd3 Rd8 16. h3 Be6 17. Nh4 Qf7 18. Rc1 g6 19. Rc2 Ng7 20. Nhf3 Nh5 21. Rh1 Qe7
22. Nf1 Bg7 23. Ne3 h6 24. Nd5 Qf7 25. Kf1 Nb8 26. Kg1 c6 27. Ne3 b6 28. Kh2
Kh7 29. Rd1 Rd7 30. Nh4 Nf4 31. Qd2 Nxg2 32. Kxg2 b5 33. Qe2 bxc4 34. Nxc4 Bxc4
35. Rxc4 d5 36. Rc5 dxe4 37. Rxd7 Nxd7 38. Rc2 Qd5 39. Rd2 Qf7 40. Qxe4 Nb8 41.
Qg4 Bf6 42. Nf3 Qe7 43. Qe4 Re8 44. h4 h5 45. Re2 c5 46. Bxe5 Nd7 47. Bxf6 Qxe4
48. Rxe4 Nxf6 49. Rxe8 Nxe8 50. bxc5 Kg7 51. Nd4 Kf6 52. f4 Ke7 53. Kf3 Nf6 54.
f5 gxf5 55. Kf4 Nd7 56. c6 Nb6 57. Kxf5 Nc4 58. a4 Nb2 59. Kg5 Nxa4 60. Kxh5
Kd6 61. Kg6 Nb6 62. h5 1-0

[Event "GBR-ch71"]
[Site "Brighton"]
[Date "1984.08.10"]
[Round "11"]
[White "Hodgson, Julian M"]
[Black "Watson, William N"]
[Result "1/2-1/2"]
[WhiteElo "2450"]
[BlackElo "2450"]
[PlyCount "30"]
[EventDate "1984.07.30"]
[EventType "swiss"]
[EventRounds "11"]
[EventCountry "GBR"]
[SourceTitle "BritBase"]
[Source "John Saunders"]
[SourceDate "2020.09.07"]
[SourceVersion "1"]
[SourceVersionDate "2020.09.07"]
[SourceQuality "2"]

1. e4 c5 2. Nf3 Nc6 3. Bb5 g6 4. O-O Bg7 5. Bxc6 bxc6 6. Re1 Nf6 7. d3 O-O 8.
e5 Nd5 9. Nbd2 d6 10. Nc4 h6 11. b3 Nb6 12. Bf4 Nxc4 13. dxc4 Be6 14. Qd2 Kh7
15. Rad1 d5 1/2-1/2

[Event "GBR-ch71"]
[Site "Brighton"]
[Date "1984.08.10"]
[Round "11"]
[White "James, Stephen C"]
[Black "Hasan, Younus"]
[Result "1/2-1/2"]
[WhiteElo "2140"]
[BlackElo "2290"]
[PlyCount "70"]
[EventDate "1984.07.30"]
[EventType "swiss"]
[EventRounds "11"]
[EventCountry "GBR"]
[SourceTitle "BritBase"]
[Source "John Saunders"]
[SourceDate "2020.09.07"]
[SourceVersion "1"]
[SourceVersionDate "2020.09.07"]
[SourceQuality "2"]

1. e3 Nf6 2. b4 d5 3. Bb2 Bf5 4. Nf3 e6 5. a3 h6 6. c4 Be7 7. Nc3 O-O 8. Qb3 c6
9. Be2 Nbd7 10. O-O Ne4 11. Nxe4 Bxe4 12. d3 Bg6 13. Ne5 Nxe5 14. Bxe5 Bf6 15.
Bxf6 Qxf6 16. cxd5 cxd5 17. Rac1 Rac8 18. Rc2 d4 19. Rfc1 Rxc2 20. Qxc2 dxe3
21. fxe3 Qe5 22. Qd2 b6 23. d4 Qd5 24. Bf3 Be4 25. Bxe4 Qxe4 26. Rc3 Rd8 27.
Qc2 Qxc2 28. Rxc2 e5 29. Rc7 exd4 30. exd4 a5 31. bxa5 bxa5 32. Rc5 Rxd4 33.
Rxa5 Rd3 34. Ra7 g5 35. Kf2 Kg7 1/2-1/2

[Event "GBR-ch71"]
[Site "Brighton"]
[Date "1984.08.10"]
[Round "11"]
[White "King, Daniel J"]
[Black "Baker, Chris W"]
[Result "1-0"]
[WhiteElo "2435"]
[BlackElo "2235"]
[PlyCount "83"]
[EventDate "1984.07.30"]
[EventType "swiss"]
[EventRounds "11"]
[EventCountry "GBR"]
[SourceTitle "BritBase"]
[Source "John Saunders"]
[SourceDate "2020.09.07"]
[SourceVersion "1"]
[SourceVersionDate "2020.09.07"]
[SourceQuality "2"]

1. Nf3 f5 2. d4 Nf6 3. g3 g6 4. Bg2 Bg7 5. O-O d6 6. c4 c6 7. Nc3 O-O 8. d5
cxd5 9. cxd5 Na6 10. Be3 Bd7 11. Rc1 h6 12. Bd4 Qa5 13. a3 Nc7 14. b4 Qa6 15.
a4 Rfc8 16. Qb3 b5 17. a5 Qb7 18. Nd2 Na6 19. e3 Rc7 20. Ne2 Kh7 21. Nf4 Rac8
22. Rxc7 Rxc7 23. Ne6 Bxe6 24. dxe6 Qc8 25. Rb1 Rc2 26. Bb7 Qc7 27. Bxa6 Rxd2
28. Qc3 Qxc3 29. Bxc3 Rc2 30. Be1 Ne4 31. Bxb5 Ng5 32. Kg2 Nxe6 33. Ba4 Rc7 34.
b5 Nc5 35. b6 axb6 36. axb6 Rb7 37. Bc6 Rb8 38. b7 e6 39. Ba5 Na6 40. Bb6 Rh8
41. Bd7 Rb8 42. Ba7 1-0

[Event "GBR-ch71"]
[Site "Brighton"]
[Date "1984.08.10"]
[Round "11"]
[White "Levene, Mark"]
[Black "Buchanan, Walter F"]
[Result "0-1"]
[WhiteElo "2205"]
[BlackElo "2160"]
[PlyCount "80"]
[EventDate "1984.07.30"]
[EventType "swiss"]
[EventRounds "11"]
[EventCountry "GBR"]
[SourceTitle "BritBase"]
[Source "John Saunders"]
[SourceDate "2020.09.07"]
[SourceVersion "1"]
[SourceVersionDate "2020.09.07"]
[SourceQuality "2"]

1. e4 e6 2. d4 d5 3. Nd2 c5 4. exd5 exd5 5. Ngf3 a6 6. Be2 c4 7. O-O Bd6 8. b3
b5 9. Re1 Ne7 10. a4 Bb7 11. Nf1 O-O 12. Ng3 Nbc6 13. Bg5 f6 14. Be3 Qd7 15.
axb5 axb5 16. Rxa8 Rxa8 17. Nh4 Bc8 18. f4 Ra2 19. bxc4 bxc4 20. h3 Qc7 21. Rf1
Ra3 22. Qd2 Nxd4 23. Bxd4 Rxg3 24. Kh2 Ra3 25. Kg1 Qa5 26. c3 Bc5 27. Bxc5
Qxc5+ 28. Kh1 Qa5 29. Qe3 Kf8 30. Rc1 Qa7 31. Qf3 Bb7 32. Qh5 Ra1 33. Rxa1
Qxa1+ 34. Kh2 Qc1 35. Qf3 Bc6 36. Qg3 Qd2 37. Bh5 g6 38. Bg4 f5 39. Nxf5 gxf5
40. Bh5 d4 0-1

[Event "GBR-ch71"]
[Site "Brighton"]
[Date "1984.08.10"]
[Round "11"]
[White "McNab, Colin Anderson"]
[Black "Lane, Gary William"]
[Result "1/2-1/2"]
[WhiteElo "2370"]
[BlackElo "2310"]
[PlyCount "28"]
[EventDate "1984.07.30"]
[EventType "swiss"]
[EventRounds "11"]
[EventCountry "GBR"]
[SourceTitle "BritBase"]
[Source "John Saunders"]
[SourceDate "2020.09.07"]
[SourceVersion "1"]
[SourceVersionDate "2020.09.07"]
[SourceQuality "2"]

1. c4 e5 2. Nc3 Nc6 3. g3 g6 4. Bg2 Bg7 5. d3 d6 6. e4 Nh6 7. Nge2 O-O 8. O-O
f5 9. f4 Be6 10. Nd5 Qd7 11. Kh1 Rf7 12. Be3 Raf8 13. Qd2 Ng4 14. Bg1 Nf6
1/2-1/2

[Event "GBR-ch71"]
[Site "Brighton"]
[Date "1984.08.10"]
[Round "11"]
[White "Mithrakanth, Poorna Sharma"]
[Black "Murshed, Niaz"]
[Result "0-1"]
[WhiteElo "2365"]
[BlackElo "2405"]
[PlyCount "120"]
[EventDate "1984.07.30"]
[EventType "swiss"]
[EventRounds "11"]
[EventCountry "GBR"]
[SourceTitle "BritBase"]
[Source "John Saunders"]
[SourceDate "2020.09.07"]
[SourceVersion "1"]
[SourceVersionDate "2020.09.07"]
[SourceQuality "2"]

1. e4 c5 2. Nf3 Nc6 3. Bb5 e6 4. O-O Nge7 5. Re1 a6 6. Bf1 d5 7. e5 d4 8. d3 b5
9. Bf4 Ng6 10. Bg3 Be7 11. c3 Bb7 12. cxd4 Nxd4 13. Nxd4 Qxd4 14. Nc3 Rd8 15.
Qc2 h5 16. h3 h4 17. Bh2 Rh5 18. Qe2 Rf5 19. Rad1 b4 20. Na4 Bg5 21. Nb6 Bf4
22. Bxf4 Qxf4 23. Nc4 Rg5 24. Qe3 Qxe3 25. Rxe3 Ke7 26. Rc1 Bd5 27. b3 Bxc4 28.
Rxc4 Rd5 29. f4 Rf5 30. Ree4 Rd4 31. Rcxd4 cxd4 32. Rxd4 Rxf4 33. Rxf4 Nxf4 34.
d4 a5 35. Bc4 Kd7 36. Bb5+ Kd8 37. Kf2 Nd5 38. Bc4 Nc3 39. Kf3 Nxa2 40. d5 exd5
41. Bxd5 Ke7 42. Kg4 Nc3 43. Bc4 a4 44. bxa4 Nxa4 45. Kxh4 Nc5 46. Kg5 b3 47.
Kf5 b2 48. Ba2 g6+ 49. Kf4 Na4 50. Bb1 Nc3 51. Bd3 b1=Q 52. Bxb1 Nxb1 53. g4
Ke6 54. h4 Nd2 55. h5 gxh5 56. gxh5 Nc4 57. h6 Nxe5 58. h7 Ng6+ 59. Kg5 Nh8 60.
Kh5 Kf5 0-1

[Event "GBR-ch71"]
[Site "Brighton"]
[Date "1984.08.10"]
[Round "11"]
[White "Needham, Teresa"]
[Black "Dunnington, Angus J"]
[Result "0-1"]
[WhiteElo "2075"]
[BlackElo "2325"]
[PlyCount "89"]
[EventDate "1984.07.30"]
[EventType "swiss"]
[EventRounds "11"]
[EventCountry "GBR"]
[SourceTitle "BritBase"]
[Source "John Saunders"]
[SourceDate "2020.09.07"]
[SourceVersion "1"]
[SourceVersionDate "2020.09.07"]
[SourceQuality "2"]

1. e4 c6 2. d4 d5 3. Nc3 g6 4. exd5 cxd5 5. Nf3 Bg7 6. Bf4 Nf6 7. Bd3 O-O 8.
O-O Nc6 9. h3 a6 10. Re1 b5 11. Qd2 Bb7 12. Bh6 Rc8 13. Bxg7 Kxg7 14. Ne5 e6
15. a4 b4 16. Na2 a5 17. c3 bxc3 18. bxc3 Nxe5 19. Rxe5 Ne4 20. Qb2 Rb8 21. Qc2
Qe7 22. Bxe4 f6 23. Bxg6 fxe5 24. Bd3 e4 25. Bb5 Rf5 26. Rf1 Rbf8 27. Nc1 Qg5
28. Ne2 R5f6 29. Qc1 Qxc1 30. Nxc1 Rc8 31. Nb3 Rxc3 32. Nxa5 Ba8 33. Be2 Rf7
34. Bd1 Ra7 35. Nb3 Kf7 36. Nc5 Bc6 37. Bg4 e5 38. Ne6 exd4 39. Nxd4 Bd7 40.
Rb1 Rc4 41. Nb5 Bxb5 42. Rxb5 d4 43. Rh5 Kg6 44. Rd5 d3 45. f3 {time} 0-1

[Event "GBR-ch71"]
[Site "Brighton"]
[Date "1984.08.10"]
[Round "11"]
[White "Plaskett, H James"]
[Black "Howell, James C"]
[Result "1-0"]
[WhiteElo "2470"]
[BlackElo "2340"]
[PlyCount "65"]
[EventDate "1984.07.30"]
[EventType "swiss"]
[EventRounds "11"]
[EventCountry "GBR"]
[SourceTitle "BritBase"]
[Source "John Saunders"]
[SourceDate "2020.09.07"]
[SourceVersion "1"]
[SourceVersionDate "2020.09.07"]
[SourceQuality "2"]

1. e4 c5 2. f4 d5 3. Nc3 dxe4 4. Nxe4 e6 5. Nf3 Be7 6. Bc4 Nf6 7. Qe2 Nc6 8. c3
O-O 9. O-O b6 10. d3 Bb7 11. Ng3 Bd6 12. Bd2 Qc7 13. Ng5 Ne7 14. N5e4 Nxe4 15.
dxe4 Ng6 16. Nh5 Kh8 17. Rae1 Rad8 18. Bc1 Rd7 19. e5 Be7 20. f5 exf5 21. Rxf5
Bd5 22. Bxd5 Rxd5 23. Qg4 Qd7 24. Ref1 Kg8 25. Nxg7 Kxg7 26. Qh5 Kg8 27. Bh6
Qe6 28. Bxf8 Nxf8 29. c4 Rd4 30. Rxf7 Qg6 31. Qf3 Ne6 32. Rxe7 Rf4 33. Rxe6 1-0

[Event "GBR-ch71"]
[Site "Brighton"]
[Date "1984.08.10"]
[Round "11"]
[White "Prettejohn, Michael Hugh"]
[Black "Hawkes, Robert"]
[Result "0-1"]
[WhiteElo "2145"]
[BlackElo "2365"]
[PlyCount "52"]
[EventDate "1984.07.30"]
[EventType "swiss"]
[EventRounds "11"]
[EventCountry "GBR"]
[SourceTitle "BritBase"]
[Source "John Saunders"]
[SourceDate "2020.09.07"]
[SourceVersion "1"]
[SourceVersionDate "2020.09.07"]
[SourceQuality "2"]

1. e4 g6 2. d4 Bg7 3. Nf3 d6 4. Bc4 c6 5. Nc3 b5 6. Bb3 a5 7. a4 b4 8. Nb1 Ba6
9. c4 bxc3 10. bxc3 Nf6 11. Bc2 O-O 12. Bd3 c5 13. O-O cxd4 14. cxd4 Nc6 15.
Bxa6 Rxa6 16. Nc3 Nb4 17. Bb2 Qa8 18. Re1 Nd7 19. Qe2 Rc8 20. Rac1 Qb7 21. Nb5
Rac6 22. Na3 Nc2 23. Qb5 Rb6 24. Rxc2 Rxc2 25. Nxc2 Rxb5 26. axb5 Qxb5 0-1

[Event "GBR-ch71"]
[Site "Brighton"]
[Date "1984.08.10"]
[Round "11"]
[White "Ravikumar, Vaidyanathan"]
[Black "Granat, Russell"]
[Result "1/2-1/2"]
[WhiteElo "2385"]
[BlackElo "2265"]
[PlyCount "42"]
[EventDate "1984.07.30"]
[EventType "swiss"]
[EventRounds "11"]
[EventCountry "GBR"]
[SourceTitle "BritBase"]
[Source "John Saunders"]
[SourceDate "2020.09.07"]
[SourceVersion "1"]
[SourceVersionDate "2020.09.07"]
[SourceQuality "2"]

1. d4 d5 2. Nf3 Bf5 3. c4 e6 4. Nc3 c6 5. Bg5 Be7 6. Bxe7 Nxe7 7. e3 Ng6 8. Qb3
Qb6 9. Qa3 a5 10. Qb3 Qb4 11. Nd2 O-O 12. Be2 Nd7 13. g4 dxc4 14. Qxb4 axb4 15.
gxf5 bxc3 16. bxc3 exf5 17. Bxc4 Ra3 18. Bb3 Nb6 19. Ke2 Ne7 20. Kd3 Rfa8 21.
c4 c5 1/2-1/2

[Event "GBR-ch71"]
[Site "Brighton"]
[Date "1984.08.10"]
[Round "11"]
[White "Ravisekhar, Raja"]
[Black "Hebden, Mark L"]
[Result "1/2-1/2"]
[WhiteElo "2430"]
[BlackElo "2480"]
[PlyCount "66"]
[EventDate "1984.07.30"]
[EventType "swiss"]
[EventRounds "11"]
[EventCountry "GBR"]
[SourceTitle "BritBase"]
[Source "John Saunders"]
[SourceDate "2020.09.07"]
[SourceVersion "1"]
[SourceVersionDate "2020.09.07"]
[SourceQuality "2"]

1. c4 g6 2. Nc3 Bg7 3. g3 d6 4. Bg2 Nf6 5. Nf3 O-O 6. O-O Nc6 7. Rb1 e5 8. d3
a5 9. a3 Nd4 10. b4 axb4 11. axb4 c6 12. b5 Nxf3+ 13. Bxf3 d5 14. bxc6 bxc6 15.
cxd5 cxd5 16. Bg5 Be6 17. Rb5 Ra5 18. Rxa5 Qxa5 19. Qd2 d4 20. Ne4 Qxd2 21.
Nxf6+ Bxf6 22. Bxd2 Rb8 23. Bh6 Bg7 24. Bxg7 Kxg7 25. Ra1 Rb2 26. g4 h5 27. h3
g5 28. Kg2 h4 29. Ra5 Kf6 30. Rc5 Bd7 31. Ra5 Ke6 32. Rc5 Rd2 33. Ra5 Rb2
1/2-1/2

[Event "GBR-ch71"]
[Site "Brighton"]
[Date "1984.08.10"]
[Round "11"]
[White "Thomas, Nicholas A"]
[Black "Morrison, Graham"]
[Result "1/2-1/2"]
[WhiteElo "2040"]
[BlackElo "2335"]
[PlyCount "33"]
[EventDate "1984.07.30"]
[EventType "swiss"]
[EventRounds "11"]
[EventCountry "GBR"]
[SourceTitle "BritBase"]
[Source "John Saunders"]
[SourceDate "2020.09.07"]
[SourceVersion "1"]
[SourceVersionDate "2020.09.07"]
[SourceQuality "2"]

1. e4 c5 2. Nc3 Nc6 3. f4 g6 4. Nf3 Bg7 5. Bc4 e6 6. f5 Nge7 7. fxe6 dxe6 8.
O-O O-O 9. d3 Nd4 10. Bg5 h6 11. Bh4 Qd7 12. Nxd4 cxd4 13. Ne2 Nc6 14. Bf6 Ne5
15. Bxg7 Kxg7 16. Nf4 Qd6 17. Bb3 1/2-1/2

[Event "GBR-ch71"]
[Site "Brighton"]
[Date "1984.08.10"]
[Round "11"]
[White "Vaidya, Arun B"]
[Black "Conquest, Stuart"]
[Result "0-1"]
[WhiteElo "2370"]
[BlackElo "2300"]
[PlyCount "86"]
[EventDate "1984.07.30"]
[EventType "swiss"]
[EventRounds "11"]
[EventCountry "GBR"]
[SourceTitle "BritBase"]
[Source "John Saunders"]
[SourceDate "2020.09.07"]
[SourceVersion "1"]
[SourceVersionDate "2020.09.07"]
[SourceQuality "2"]

1. d4 Nf6 2. c4 c5 3. Nf3 cxd4 4. Nxd4 e5 5. Nf3 e4 6. Nd4 Bb4+ 7. Bd2 Bc5 8.
e3 d5 9. Bc3 O-O 10. Nb3 Bd6 11. cxd5 Re8 12. Be2 Nbd7 13. Qd2 Ne5 14. h3 Bf5
15. Nd4 Bg6 16. Nb5 Bb8 17. Bxe5 Rxe5 18. N1c3 a6 19. Na3 b5 20. Nc2 Qf8 21. a3
Bd6 22. Rd1 Ree8 23. Nd4 Nd7 24. O-O Qe7 25. Ne6 Nf6 26. Nf4 Bf5 27. g4 Bc8 28.
Qd4 Bc5 29. Qd2 Qd6 30. Kg2 g5 31. Nh5 Nxh5 32. gxh5 Bb6 33. f4 exf3+ 34. Rxf3
Bc7 35. Rh1 f5 36. Kf1 Bd7 37. Rg1 h6 38. e4 fxe4 39. Rxg5+ hxg5 40. Qxg5+ Kh8
41. Rf6 Bxh3+ 42. Kf2 e3+ 43. Kf3 Bg4+ 0-1

[Event "GBR-ch71W"]
[Site "Brighton"]
[Date "1984.08.08"]
[Round "5"]
[White "Khadilkar, Rohini"]
[Black "Hamid, Rani"]
[Result "1/2-1/2"]
[WhiteElo "2115"]
[BlackElo "2135"]
[PlyCount "84"]
[EventDate "1984.08.04"]
[EventType "swiss"]
[EventRounds "7"]
[EventCountry "GBR"]
[SourceTitle "BritBase"]
[Source "John Saunders"]
[SourceDate "2020.09.07"]
[SourceVersion "1"]
[SourceVersionDate "2020.09.07"]
[SourceQuality "2"]

1. e4 c5 2. Nf3 e6 3. d4 cxd4 4. Nxd4 a6 5. Nc3 Qc7 6. g3 Nf6 7. Bg2 Nc6 8. O-O
Be7 9. Re1 Nxd4 10. Qxd4 e5 11. Qd3 d6 12. Bg5 Be6 13. Red1 Rd8 14. Bxf6 Bxf6
15. Nd5 Bxd5 16. exd5 g6 17. c4 O-O 18. Rac1 Bg5 19. Rc2 f5 20. b4 e4 21. Qb3
Qe7 22. c5 f4 23. Bh3 fxg3 24. Be6+ Kg7 25. fxg3 Rf3 26. Qc4 Be3+ 27. Kg2 Qf6
28. cxd6 Rxg3+ 29. hxg3 Qf3+ 30. Kh2 Qxd1 31. Qc7+ Kh6 32. Qxd8 Qxc2+ 33. Kh3
Qf2 34. Qh4+ Kg7 35. Qxe4 Qf1+ 36. Qg2 Qf6 37. Qe2 Bd4 38. d7 h5 39. Kg2 Bb6
40. a3 Qd4 41. Qf3 Qb2+ 42. Kh3 Qf6 1/2-1/2